Mercedes Benz Modelle - Statistiken

Allgemein
  • Dieses Quiz wurde 577 mal gespielt
  • Das Durchschnittsergebnis liegt bei 10 aus 45
Antwortstatistiken
Hint Antwort % Korrekt
Limousine C-Klasse
88%
Limousine A-Klasse
86%
Limousine E-Klasse
86%
Limousine S-Klasse
79%
SUV GLC
64%
SUV GLE
64%
SUV GLA
58%
SUV GLS
57%
Vans & Reisemobile V-Klasse
50%
SUV GLB
48%
Limousine EQS
26%
Limousine EQE
25%
SUV EQA
21%
SUV EQB
19%
SUV GLC Coupé
17%
SUV GLE Coupé
17%
T-Modell/Kombi C-Klasse T-Modell
16%
T-Modell/Kombi E-Klasse T-Modell
15%
Vans & Reisemobile Marco Polo
14%
Camper Marco Polo
14%
Vans & Reisemobile T-Klasse
14%
Coupé CLA Coupé
13%
Coupé C-Klasse Coupé
12%
Coupé CLE Coupé
11%
Coupé E-Klasse Coupé
11%
Coupé CLS Coupé
10%
SUV EQE SUV
9%
SUV EQS SUV
9%
T-Modell/Kombi CLA Shooting Brake
7%
Vans & Reisemobile EQV
6%
Limousine S-Klasse Lang
6%
Cabriolets & Roadster C-Klasse Cabriolet
5%
Cabriolets & Roadster E-Klasse Cabriolet
5%
T-Modell/Kombi E-Klasse T-Modell All-Terrain
4%
Vans & Reisemobile EQT
4%
SUV G-Klasse Geländewagen
4%
Limousine Mercedes-Maybach S-Klasse
4%
T-Modell/Kombi C-Klasse T-Modell All-Terrain
3%
SUV Mercedes-Maybach EQS SUV
3%
SUV Mercedes Maybach GLS
3%
Kompaktwagen A-Klasse Kompaktlimousine
2%
Kompaktwagen B-Klasse Sports Tourer
2%
Cabriolets & Roadster CLE Cabriolet
2%
Coupé Mercedes-AMG GT 4-Türer Coupé
1%
Cabriolets & Roadster Mercedes-AMG SL Roadster
1%
Keine übereinstimmenden Quizze gefunden
Verteilung der Resultate
Anzahl Personen mit jedem Resultat
Perzentil nach korrekt beantworteten Fragen
Ihre Resultats-Entwicklung
Sie haben dieses Quiz noch nicht gespielt